00485nam a2200193 a 4500001001300000003000900013005001700022008004100039020001000080082001500090100001400105245003700119260003800156300000800194500003500202505001000237650003000247700001400277nice12345678IN_TiNIC20260116012800.0050524s1978 laha grp 000 0 urd  ac2.500a232.5bTOR aTori, R A aKhudawand Masih Ki Aamad-e-sani. aLahorebMasihi Ishaat Khanac1978 a96p aincludes index and biblioraphy2 aIndex aJesus Christ-Resurrection1 aTori, R A